00759nam a2200229 i 450000100060000000300090000600500170001500700030003200800410003502000150007610000300009124500570012125000120017826000370019030000210022749000430024883000510029185200400034294200080038299900170039095201220040764590ES-MaACL20240509063054.0t|031230s1985 sp ||||1| spa d a84858875651 aFontrodona, Linus.95165010aMáscaras de cobre martillado / cLinus Fontrodona. a1ª ed. aBarcelona : bAnthropos, c1985. a73 p. ; c20 cm.1 aÁmbitos literarios. Narrativa ; v1800aÁmbitos literarios.pNarrativa ;v189177289 aES-MaACLjL-10295 bR.110818967016 2udc c64590d64590 00104070aATENEOMbATENEOMcDEPO2d2008-01-17eSCl0oL-10295p1067683r2023-02-23 00:00:00w2023-02-23yMONOGRAFIA